000 02443nam0a2200349 4500
001 RU\NLR\bibl\817021
005 20260407103858.0
010 _a5-93406-804-0
_9200
021 _aRU
_b2005-29043
_91451
035 _a(NLR Aleph) 000805963
090 _a1210892
_c1210892
100 _a20050707d2004 |||y0rusy50 ca
101 0 _arus
102 _aRU
105 _aa |||||||||
200 1 _aПроблемность и межпредметность в образовании - условия устойчивого развития цивилизации
_eматериалы IV Московской международной конференции "Образование в XXI веке - глазами детей и взрослых", 25-26 марта 2004 года
_f[отв. ред.: Е.В. Ковалевская]
210 _aМосква
_cКомпания Спутник+
_d2004
215 _a191 с.
_cил.
_d21
300 _aВ надзаг.: Центр изучения иностр. яз. "Лингвастарт", Лауреат Третьей Моск. междунар. выставки "Школа-99", Школа 1400, аккредитов. при Моск. пед. гос. ун-те, Лауреат Четвертой Моск. междунар. выставки "Школа-2000", Школа 1279 с углубл. изучением иностр. яз. [и др.]
606 1 _aПроблемное обучение в школе
_jСборники
_91971489
_3RU\NLR\auth\66903421
606 1 _aПроблемное обучение в школе
_jСъезды, совещания и т.п.
_91971489
_3RU\NLR\auth\66903421
606 1 _aШколы
_jСборники
_xПреподавание
_xМежпредметные связи
_92313965
_3RU\NLR\auth\661384723
606 1 _aШколы
_jСъезды, совещания и т.п.
_xПреподавание
_xМежпредметные связи
_92313965
_3RU\NLR\auth\661384723
686 _aЧ312.21я431
686 _aЧ312.115я431
702 1 _aКовалевская
_bЕ. В.
_gЕлена Витальевна
_4340
711 1 2 _a"Образование в XXI веке - глазами детей и взрослых", московская международная конференция
_d4
_f2004
_3RU\NLR\AUTH\8810059199
_9619630
801 0 _aRU
_bNLR
_c20050707
_gPSBO
801 1 _aRU
_bNLR
_c20050707
942 _cBOOK
980 _aNB